000 01380nam a2200349 c 4500
003 BLK
005 20230821141140.0
008 180411b bul|||||r ||||||| ||bul||
010 _aKNG00185564000
020 _a978-954-28-1773-4
_bиздат.: Сиела Норма
040 _aBLK
041 _aBUL
_cBUL
072 7 _2bullib
_aН83
_xЧужда художествена литература Н
080 _aНемска литература
_b821.112.2
_x-31
_z821.112.2-31
100 1 _aХартлиб, Петра
_eпърви автор
_9136430
700 _aДянков, Алеко Кръстанов
_9381694
139 _aХартлиб, Петра
_bХ 29
245 1 0 _aМоята прекрасна книжарничка
_bРоман
_cПетра Хартлиб; прев. от нем. Алеко Кръстанов Дянков.
257 _aAUT
260 София
_bСиела Норма
_c2015
300 _a164 с.
_c21 см
380 _aX
500 _aОриг. загл. Meine wundervolle Buchhandlung / Petra Hartlieb. - Съдържа и за авт.
653 _aромани
659 _aН
852 _aЦб 278641
856 4 _qpdf
_u
856 4 _qpdf
_u
942 _cKNG
_n0
_010
944 _aCR
_c15.12.2015
_lГеновева Генчева
_k30560
944 _aED
_c14.10.2016
_lф /
_kПенка_Димитрова
999 _c176930
_d176930